<?xml version="1.0" encoding="UTF-8"?>
<marc:record xmlns:marc="http://www.loc.gov/MARC21/slim">
   <marc:leader>00000nam a2200000 a 4500</marc:leader>
   <marc:datafield ind1="1" ind2=" " tag="100">
      <marc:subfield code="a">Bo´s, Vicky</marc:subfield>
      <marc:subfield code="4">aut</marc:subfield>
      <marc:subfield code="e">Verfasser/-in</marc:subfield>
   </marc:datafield>
   <marc:datafield ind1=" " ind2=" " tag="653">
      <marc:subfield code="a">Mitmach-Buch</marc:subfield>
   </marc:datafield>
   <marc:datafield ind1="0" ind2="0" tag="245">
      <marc:subfield code="a">Puste die Wolken!</marc:subfield>
   </marc:datafield>
   <marc:datafield ind1="0" ind2="0" tag="245">
      <marc:subfield code="b">Mitmach-Bilderbuch</marc:subfield>
   </marc:datafield>
   <marc:datafield ind1=" " ind2="1" tag="264">
      <marc:subfield code="b">Vicky Bo Verlag GmbH</marc:subfield>
      <marc:subfield code="c">2020</marc:subfield>
   </marc:datafield>
   <marc:datafield ind1="1" ind2=" " tag="520">
      <marc:subfield code="a">Das Bilderbuch und die Geschichte der 8 Freunde fordern zum Mitmachen auf. Auf jeder Doppelseite findet sich eine kleine Aufgabe oder die Tiere bitten um Hilfe. Die Leser dürfen das Buch schütteln, es in die Höhe heben, fest drücken, auf die Seiten pusten oder Grimassen schneiden. Die Fantasie der Kinder wird gefordert und die Veränderung zeigt sich nach dem Umblättern. Die Kinder werden Teil der Geschichte und ein ébitte nochmal' ist unabdingbar.</marc:subfield>
   </marc:datafield>
   <marc:datafield ind1=" " ind2=" " tag="020">
      <marc:subfield code="a">9783944956558</marc:subfield>
      <marc:subfield code="9">9783944956558</marc:subfield>
   </marc:datafield>
</marc:record>
